000 01914cam a22004097a 4500
001 4045
003 FISKH
005 20250527114557.0
008 121211s2012 nyua j 000 1 eng d
010 _a 2012289132
020 _a9780545450133
020 _a9780545215916
020 _a0545450136
035 _a(OCoLC)ocn774497478
040 _aBTCTA
_beng
_cBTCTA
_dBDX
_dCLE
_dIFJ
_dOCP
_dYW6
_dYDXCP
_dDLC
042 _alccopycat
050 0 0 _aPZ7.B7633
082 0 4 _a813.54
100 1 _aBridwell, Norman.
245 1 0 _aClifford takes a trip /
_cNorman Bridwell
250 _aThis edition first printing, January 2011
260 _aNew York :
_bScholastic,
_c1996
300 _a32 unnumbered pages :
_bcolor illustrations ;
_c21 cm
500 _aIncludes the original 6 stories, an original letter from Norman Bridwell to the reader, information about the creation of Clifford including an image of Norman's 1962 painting that inspired the Clifford series, the story behind the real Emily Elizabeth, and more.
505 _tJ
520 _aSummer vacation means one thing - more time for Emily Elizabeth to play with Clifford! Until this summer, that is. Emily Elizabeth's family is going far away, so far that Clifford can't come. Or can he? Follow along as Clifford sniffs, swims, and tiptoes to find Emily Elizabeth - just in the nick of time!
521 8 _a500
_bLexile
521 8 _aJ
_bRaz-plus
650 0 _aClifford (Fictitious character : Bridwell)
_vJuvenile fiction.
650 0 _aDogs
_vJuvenile fiction.
655 0 _aPicture books for children.
856 4 2 _3Contributor biographical information
_uhttp://www.loc.gov/catdir/enhancements/fy1306/2012289132-b.html
856 4 2 _3Publisher description
_uhttp://www.loc.gov/catdir/enhancements/fy1306/2012289132-d.html
906 _a7
_bcbc
_ccopycat
_d2
_encip
_f20
_gy-gencatlg
942 _2ddc
_cBK
_n0
999 _c4045
_d4045